00298 a2200097 4500001001000000005001700010008004100027245005000068100002000118773006200138ART_5464620260410162029.0260409a 10aDerecho del consumidor y acceso a la justicia1 aRossi, Jorge O.0 tTemas de derecho procesalg- N° 11 (nov. 2021)wREV44095